Tiếng hát và bóng đêm : Truyện và ký

Saved in:
Bibliographic Details
Main Author: Ngô Ngọc Ngũ Long
Format: Book
Language:Undetermined
Published: H. Văn Học 1998
Subjects:
Tags: Add Tag
No Tags, Be the first to tag this record!
Institutions: Trung tâm Học liệu Trường Đại học Cần Thơ
LEADER 00496nam a2200169Ia 4500
001 CTU_53402
008 210402s9999 xx 000 0 und d
082 |a 895.922301 
082 |b L431 
100 |a Ngô Ngọc Ngũ Long 
245 0 |a Tiếng hát và bóng đêm : Truyện và ký 
245 0 |c Ngô Ngọc Ngũ Long 
260 |a H. 
260 |b Văn Học 
260 |c 1998 
650 |a short stories, vietnamese 
980 |a Trung tâm Học liệu Trường Đại học Cần Thơ